000 00781nam a2200253 i 4500
001 C2-0095869
003 PPAK
005 20180727093345.0
008 970518s1995 enka|||| ||||| | eng d
020 _a1852275367
040 _aPPAK
_beng
_cPPAK
_erda
082 0 4 _a778.5092
_223
090 0 0 _a778.5092
_bNOR
_dR
100 1 _aNorman, Barry,
_eauthor
245 1 4 _aThe encyclopedia of the movie:
_bthe definitive illustrated guide to the movies
250 _aWinnerr, Derek
264 1 _aLondon :
_bVirgin ,
_c1995
300 _a304 pages :
_bcolour illustrations ;
_c28 cm
336 _2rdacontent
_atext
337 _2rdamedia
_aunmediated
338 _2rdacarrier
_avolume
650 1 0 _aMotion picture actors and actresses - United States - Biography
942 _ddc
_cB
999 _c20498
_d20498